000 00508pab a2200169 454500
008 180718b2015 xxu||||| |||| 00| 0 eng d
100 _aAmarasuriya, Harini
245 _aProtests and counter protests: Competing civil society spaces in post-war Sri Lanka
260 _c2015
300 _ap.49-55.
362 _a28 Feb
650 _aProtest movements - Sri Lanka
650 _aSocial movements - Sri Lanka
650 _aProtest movements
773 _aEconomic and Political Weekly
909 _a107206
999 _c107201
_d107201